| 000 -ლიდერი |
| ფიქსირებული სიგრძის საკონტროლო ველი |
02132nam a22002897a 4500 |
| 003 - საკონტროლო ნომრის იდენტიფიკატორი |
| საკონტროლო ველი |
Ge_BSU |
| 005 - ბოლო ოპერაციის თარიღი და დრო |
| საკონტროლო ველი |
20230607113802.0 |
| 008 - ფიქსირებული სიგრძის მონაცემთა ელემენტები - ზოგადი ინფორმაცია |
| ფიქსირებული სიგრძის საკონტროლო ველი |
230607s2015 ge ||||| |||| 00| 0 geo d |
| 020 ## - წიგნის საერთაშორისო სტანდარტული ნომერი |
| International Standard Book Number |
9789941445989 |
| 041 ## - ენის კოდი |
| Language code of text/sound track or separate title |
geo |
| 080 ## - უნივერსალური ათობითი კლასიფიკაციის ინდექსი |
| Universal Decimal Classification number |
908(479.22) მ-97 |
| 100 ## - მთავარი ჩანაწერი - პიროვნების სახელი |
| Personal name |
მშვილდაძე, მადონა |
| 9 (RLIN) |
18533 |
| 245 ## - ცნობა სათაურის შესახებ |
| Title |
კავკასიის იბერიის ქალაქები კლავდიოს პტოლემაიოსის გეოგრაფიაში / |
| Statement of responsibility, etc |
მადონა მშვილდაძე; [რედ.: გურამ ყიფიანი; თარგმანი: მედეა ხორავა ; ფოტოები: მადონა მშვილდაძე ; რეცენზენტი: შოთა მამულაძე. |
| 264 ## - წარმოების, გამოცემის, დისტრიბუციის და სხვა ცნობები |
| გამოცემის, წარმოების, დისტრიბუციის... ადგილი |
თბილისი : |
| გამოცემის, წარმოების, დისტრიბუციის... სახელწოდება |
არტანუჯი, |
| გამოცემის, წარმოების, დისტრიბუციის... თარიღი |
2015. |
| 300 ## - ფიზიკური აღწერა |
| Extent |
136 გვ. : |
| Other physical details |
73 ფ. ფერადი ფოტოები.; |
| Dimensions |
24 სმ. |
| 500 ## - ზოგადი შენიშვნა |
| General note |
მონოგრაფია დაიბეჭდა შოთა რუსთაველის ეროვნული სამეცნიერო ფონდის მხარდაჭერით, საგრანტო პროექტის ფარგლებში: "2013-2014 წლების დოქტორანტურის საგანმანათლებლო პროგრამები" |
| 501 ## - შენიშვნა თანმხლებ მასალაზე |
| With note |
სურათების აღწერილობა გვ. 128-138 |
| 504 ## - BIBLIOGRAPHY, ETC. NOTE |
| Bibliography, etc |
ბიბლიოგრ. გვ. 114-127 |
| 653 ## - INDEX TERM--UNCONTROLLED |
| Uncontrolled term |
რეგიონალური გეოგრაფია |
| 653 ## - INDEX TERM--UNCONTROLLED |
| Uncontrolled term |
იბერია |
| 653 ## - INDEX TERM--UNCONTROLLED |
| Uncontrolled term |
კავკასიის ქალაქების ისტორია |
| 653 ## - INDEX TERM--UNCONTROLLED |
| Uncontrolled term |
კავკასია |
| 700 ## - ADDED ENTRY--PERSONAL NAME |
| Personal name |
ყიფიანი, გურამ |
| Relator term |
რედაქტორი |
| 9 (RLIN) |
13514 |
| 700 ## - ADDED ENTRY--PERSONAL NAME |
| Personal name |
ხორავა, მედეა |
| Relator term |
მთარგმნელი |
| 9 (RLIN) |
18534 |
| 700 ## - ADDED ENTRY--PERSONAL NAME |
| Personal name |
მამულაძე, შოთა |
| Relator term |
რეცენზენტი |
| 9 (RLIN) |
1483 |
| 942 ## - ADDED ENTRY ELEMENTS (KOHA) |
| Source of classification or shelving scheme |
|
| Koha item type |
წიგნი |